Germs gone wild : how the unchecked development of domestic biodefense threatens America /

Bibliographic Details
Main Author: King, Kenneth
Format: Book
Language:English
Published: New York : Pegasus Books, [2010]
Subjects:

MARC

Tag First Indicator Second Indicator Subfields
LEADER 00000cam a2200000Ia 4500
001 in00002602003
005 20151201154852.0
008 091104s2010 nyu b 001 0 eng d
020 |a 9781605981000 :  |c $29.95 
020 |a 1605981001 
035 |a (OCoLC)ocn464580605 
040 |a BTCTA  |c BTCTA  |d YDX  |d WVR  |d BKL  |d OHI  |d GZD  |d UtOrBLW 
049 |a TXAM 
082 0 |a 614.4 
090 |a QH321  |b .K56 2010 
100 1 |a King, Kenneth. 
245 1 0 |a Germs gone wild :  |b how the unchecked development of domestic biodefense threatens America /  |c Kenneth King. 
264 1 |a New York :  |b Pegasus Books,  |c [2010] 
264 4 |c ©2010 
300 |a 508 pages ;  |c 24 cm. 
336 |a text  |b txt  |2 rdacontent 
337 |a unmediated  |b n  |2 rdamedia 
338 |a volume  |b nc  |2 rdacarrier 
504 |a Includes bibliographical references and index. 
650 0 |a Biological laboratories  |x Environmental aspects. 
650 0 |a Communicable diseases  |x Prevention. 
650 0 |a Bioterrorism  |x Prevention. 
650 0 |a Biological warfare  |x Health aspects. 
945 |a PromptCat  |b 64519 
946 |a stk 
947 |a A14839714895 
948 |a cataloged  |b h  |c 2010/9/6  |d c  |e dmitchel  |f 3:50:30 pm 
994 |a 92  |b TXA 
999 |a MARS 
999 f f |s 14e35955-7845-3b84-a72d-4be5facb445f  |i ab1e360a-b8b3-3637-af23-2d4e6a35d249  |t 0 
952 f f |p ric  |a Texas A&M University  |b Rellis Campus  |c Joint Library Facility  |d Remote Storage  |t 0  |e QH321 .K56 2010  |h Library of Congress classification  |i unmediated -- volume  |m A14839714895 
998 f f |a QH321 .K56 2010  |t 0  |l Remote Storage